Holiday Quiz

Random Holiday or Clickable Quiz

Summertime Socks Quiz Stats

 Plays Quiz not verified by Sporcle

Score 0/18 Timer 03:00
6 Plays Today
% Correct
Beach Ball
84.3%
Sunshine
84.3%
Talk Like a Pirate Day
83.1%
Ice Cream
82.1%
Watermelon
81.8%
Diving
81.3%
Fireworks
81.3%
Tennis
81.2%
Hurricanes
81.1%
% Correct
Fishing
80.6%
Grilling
80%
S'mores
79.5%
Bastille Day
79.4%
Camping
78.3%
Flag Day (United States)
78.3%
Fireflies
74%
Day at the Beach
73%
Pool Floats
67.1%

You're not logged in!

Compare scores with friends on all Sporcle quizzes.
OR
Log In

Show Comments

Extras

Top Quizzes Today


Score Distribution

Your Account Isn't Verified!

In order to create a playlist on Sporcle, you need to verify the email address you used during registration. Go to your Sporcle Settings to finish the process.

Report this User

Report this user for behavior that violates our Community Guidelines.

Details: